| 000 | 00577nam a2200205Ia 4500 | ||
|---|---|---|---|
| 003 | LK-CoUSC | ||
| 005 | 20240729121941.0 | ||
| 008 | 240729s9999 xx 000 0 und d | ||
| 022 | _a2706-7696 | ||
| 040 | _ca | ||
| 245 | 0 | _aPlant and Soil Science | |
| 260 | _aUkraine | ||
| 260 | _bNational University of Life and Environmental Sciences of Ukraine | ||
| 650 | _a Plant culture | ||
| 650 | _aAgriculture | ||
| 856 | _uhttps://doaj.org/toc/20e0ca03cf9d4fed86b6be4363482b0b | ||
| 942 | _2ddc | ||
| 942 |
_cDOAJEJ _2ddc |
||
| 945 |
_a1 _bMadushi Gamage _c1 _dMadushi Gamage |
||
| 999 |
_c74973 _d74973 |
||